000 00491nam a22001937a 4500
003 MPLRDC
005 20220104144326.0
008 210129b ||||| |||| 00| 0 eng d
020 _a986-7829-11-5
082 _a857.63 TJS-3
100 _a藤井树等著
245 _a邂逅, 恋爱中毒
_c
250 _a初版
260 _a
_b法兰克福国际工作室
_c2002
300 _b
490 _a恋爱救急病栋. 1
650 _a短篇小说--别集
942 _cBK
_o857.63 TJS-3
999 _c48527
_d48517